00391nam a2200145Ia 4500008004100000020001800041041000800059082001800067100002400085245004300109250000600152260004500158300001200203650003000215210716s2014 xx 000 0 und d a9780199672455 aeng a658.3125 LUMM aLumley, Maryvonne;W aDeveloping employability for business. a1 aNew DelhibOxford University Pressc2014 axii,223 aHuman Resource Management